Diversity Beyond Tokenism: (Record no. 204850)

MARC details
000 -LEADER
fixed length control field 00721nam a22002057a 4500
005 - DATE AND TIME OF LATEST TRANSACTION
control field 20240805155029.0
010 ## - LCCN (DPL NO)
LC control number ENG-141184
020 ## - INTERNATIONAL STANDARD BOOK NUMBER
Terms of availability 699.00
International Standard Book Number 9788196671150
035 ## - SYSTEM CONTROL NUMBER
System control number EN-124716
037 ## - SOURCE OF ACQUISITION
Source of stock number/acquisition DBAD
082 ## - DEWEY DECIMAL CLASSIFICATION NUMBER
Classification number 658.30080954
Edition number 1
100 ## - MAIN ENTRY--PERSONAL NAME
Personal name Jena, Swati
245 00 - TITLE STATEMENT
Title Diversity Beyond Tokenism:
Remainder of title Why Being Pollitically Correct Still Does'nt Help Anyone/
Statement of responsibility, etc By Swati Jena [and] T.N Hari
250 ## - EDITION STATEMENT
Edition statement 1
260 ## - PUBLICATION, DISTRIBUTION, ETC. (IMPRINT)
Place of publication, distribution, etc Mumbai
Name of publisher, distributor, etc Kabdwal Book International
270 ## - ADDRESS
Address Plot No. 179, D/42, Raigad CHS, Sector 1, Charkop, Kandivali(W)
City Mumbai
Postal code 400067
Electronic mail address order@kabdwalbook.com
300 ## - PHYSICAL DESCRIPTION
Extent 277p.
Dimensions 22cm(pb)
700 ## - ADDED ENTRY--PERSONAL NAME
Personal name Hari, T.N
9 (RLIN) 69501
942 ## - ADDED ENTRY ELEMENTS (KOHA)
Source of classification or shelving scheme Dewey Decimal Classification
Item type English Books
Call number suffix JEN
Classification part 658.30080954
Edition 1
Holdings
Withdrawn status Lost status Not for loan Collection code Home library Current library Date acquired Source of acquisition Cost, normal purchase price Full call number Barcode Copy number Cost, replacement price Koha item type
      Non-fiction Patel Nagar Patel Nagar 05/08/2024 Delivery of Books Act Division 699.00 JEN 658.30080954 EN-124716 1 699.00 English Books

© Delhi Public Library
Hit Counter
free hit counter